Countries A-Z in Best Picture Movies - Statistics

General Stats
  • This quiz has been taken 88 times
  • The average score is 14 of 18
Answer Stats
Letter Number of movies (example) Country % Correct
D 2 (Hamlet) Denmark
93%
U 62 (Nomadland) United States
91%
A 3 (The Sound of Music) Austria
90%
F 10 (Gigi) France
90%
M 2 (Casablanca) Morocco
88%
K 1 (Out of Africa) Kenya
87%
J 2 (Around the World in 80 Days) Japan
86%
V 3 (The Deer Hunter) Vietnam
86%
E 3 (Lawrence of Arabia) Egypt
85%
I 7 (Gladiator) Italy
85%
P 1 (Gandhi) Pakistan, Poland
85%
G 4 (Grand Hotel) Germany
78%
T 2 (The Bridge on the River Kwai) Thailand
76%
C 4 (Forrest Gump) China
73%
B 1 (Patton) Bahamas, Belgium
69%
N 1 (Oppenheimer) Netherlands
65%
L 1 (The English Patient) Libya
63%
S 3 (Cavalcade) Switzerland
44%
No matching quizzes found
Score Distribution
Percent of People with Each Score
Percentile by Number Answered
Your Score History
You have not taken this quiz